Statistics for Mayors of Washington, D.C. by Picture

Click here to take the quiz!

General Stats

  • This quiz has been taken 4 times
  • The average score is 5 of 7

Answer Stats

Answer% Correct
Walter Washington
100%
Marion Barry
100%
Adrian Fenty
100%
Muriel Bowser
100%
Vincent C. Gray
67%
Sharon Pratt Kelly
0%
Anthony A. Williams
0%

Score Distribution

Percentile by Number Answered

Percent of People with Each Score

Your Score History

You have not taken this quiz